伊斯兰教场所数量≥100的地级行政区 Prefecture regions with ≥100 mosques - Statistics

General Stats
  • This quiz has been taken 124 times
  • The average score is 17 of 25
Answer Stats
地级行政区 数量 % Correct
乌鲁木齐 253
99%
吐鲁番 955
88%
阿勒泰 134
88%
喀什 9962
87%
银川 440
87%
伊犁 1384
86%
哈密 320
86%
和田 4300
85%
阿克苏 3361
82%
西宁 217
77%
吴忠 754
76%
石嘴山 165
76%
昌吉 389
74%
中卫 766
73%
巴音郭楞 715
73%
塔城 276
73%
克孜勒苏 1487
71%
博尔塔拉 114
69%
固原 1287
68%
海东 841
55%
临夏 2618
52%
天水 452
27%
昆明 122
25%
平凉 327
23%
沧州 140
6%
No matching quizzes found
Score Distribution
Percent of People with Each Score
Percentile by Number Answered
Your Score History
You have not taken this quiz